000 00640nam a22002297a 4500
003 UA-OsUOA
001 127972
007 ta
008 20171220b un ||||| |||| 00| 0 ukr d
090 _a32(075.8)
_bП50
942 _cBK
040 _aUA-OsUOA
_bukr
_cUA-OsUOA
_dUA-OsUOA
245 _aПолітична наука: методи досліджень
_bпідручник
_cза ред. О. А. Габрієляна
300 _a320 с.
955 _a2
041 _aukr
080 _a32(075.8)
020 _a978-966-580-310-2
260 _aК.
_bАкадемія
_c2012
650 7 _a32 Політика
_2UDC
999 _c415270
_d415270